Market commentary (Record no. 81654)
[ view plain ]
| 000 -LEADER | |
|---|---|
| fixed length control field | 01116cad a22001935a 4500 |
| 001 - CONTROL NUMBER | |
| control field | L147856 |
| 008 - FIXED-LENGTH DATA ELEMENTS--GENERAL INFORMATION | |
| fixed length control field | 090624e20090622xxk f s 000 0 eng d |
| 035 ## - SYSTEM CONTROL NUMBER | |
| System control number | (Sirsi) u147856 |
| 041 0# - LANGUAGE CODE | |
| Language code of text/sound track or separate title | eng |
| 110 2# - MAIN ENTRY--CORPORATE NAME | |
| Corporate name or jurisdiction name as entry element | Council of Mortgage Lenders |
| 9 (RLIN) | 5903 |
| 245 00 - TITLE STATEMENT | |
| Title | Market commentary |
| Medium | [electronic resource] |
| 490 ## - SERIES STATEMENT | |
| Series statement | CML Market Commentary |
| 520 ## - SUMMARY, ETC. | |
| Summary, etc. | Market commentary from the Council of Mortgage Lenders for June 2009. Forecasts that, due to cuts in interest rates, fewer borrowers will fall behind mortgage repayments and there will be fewer possessions. At the same time, as unemployment rises, more people will be unable to pay their debts. Housing activity will remain low as the lending industry has difficulty increasing the supply of mortgage credit and as the market remains weak. Includes statistics from 2006 to June 2009. |
| 590 ## - LOCAL NOTE (RLIN) | |
| Local note | KA NTK |
| 651 #4 - SUBJECT ADDED ENTRY--GEOGRAPHIC NAME | |
| Geographic name | England and Wales |
| Chronological subdivision | 1543- |
| 690 ## - LOCAL SUBJECT ADDED ENTRY--TOPICAL TERM (OCLC, RLIN) | |
| Topical term or geographic name as entry element | PROPERTY-RESIDENTIAL PROPERTY-RESIDENTIAL PROPERTY MARKET |
| 856 40 - ELECTRONIC LOCATION AND ACCESS | |
| Uniform Resource Identifier | <a href="https://www.cml.org.uk/cml/publications/marketcommentary/160">https://www.cml.org.uk/cml/publications/marketcommentary/160</a> |
| Public note | View the commentary free of charge at www.cml.org.uk... |
| 942 ## - ADDED ENTRY ELEMENTS (KOHA) | |
| Suppress in OPAC | 0 |
| Withdrawn status | Lost status | Source of classification or shelving scheme | Damaged status | Not for loan | Home library | Current library | Shelving location | Date acquired | Total Checkouts | Full call number | Barcode | Date last seen | Copy number | Price effective from | Koha item type |
|---|---|---|---|---|---|---|---|---|---|---|---|---|---|---|---|
| Dewey Decimal Classification | Virtual | Virtual | Online | 24/06/2009 | ONLINE PUBLICATION | 147856-2001 | 06/08/2019 | 1 | 06/08/2019 | Journal article |